[Event "Olympiad Women-37"]
[Site "Turin"]
[Date "2006.06.04"]
[Round "13"]
[White "Bekker Jensen, Anne"]
[Black "Estrada Gaspar, Nelly Massiel"]
[Result "0-1"]
[WhiteElo "2015"]
[BlackElo "2029"]
[PlyCount "84"]
[EventDate "2006.05.21"]
[EventType "team-swiss"]
[EventRounds "13"]
[EventCountry "ITA"]
[SourceTitle "CBM 112 Extra"]
[Source "ChessBase"]
[SourceDate "2006.07.14"]
[SourceVersion "1"]
[SourceVersionDate "2006.07.14"]
[SourceQuality "1"]
[WhiteTeam "Denmark (W)"]
[BlackTeam "Mexico (W)"]
[WhiteTeamCountry "DEN"]
[BlackTeamCountry "MEX"]

1. d4 Nf6 2. c4 e6 3. Nc3 Bb4 4. e3 Bxc3+ 5. bxc3 d6 6. Bd3 e5 7. Qc2 0-0 8. Ne2 Re8 9. Ng3 Nc6 10. 0-0 b6 11. Bd2 Ba6 12. d5 Na5 13. c5 Bxd3 14. Qxd3 dxc5 15. e4 c4 16. Qf3 Nb7 17. Bg5 h6 18. Bxf6 Qxf6 19. Qxf6 gxf6 20. Nh5 Re7 21. Nxf6+ Kg7 22. Nh5+ Kg6 23. Ng3 Nd6 24. f4 exf4 25. Rxf4 Rae8 26. Raf1 Re5 27. Rf6+ Kg7 28. R6f4 R8e7 29. a4 Nxe4 30. Nf5+ Rxf5 31. Rxf5 Nxc3 32. R1f3 Ne2+ 33. Kf2 c3 34. Rxf7+ Rxf7 35. Rxf7+ Kxf7 36. Kxe2 Kf6 37. Kd3 Ke5 38. Kxc3 Kxd5 39. Kd3 c5 40. g4 Ke5 41. Ke3 a6 42. h4 b5 0-1

[Event "Olympiad Women-37"]
[Site "Turin"]
[Date "2006.05.21"]
[Round "1"]
[White "Andriasian, Siranush"]
[Black "Bekker Jensen, Anne"]
[Result "1-0"]
[WhiteElo "2237"]
[BlackElo "2015"]
[PlyCount "49"]
[EventDate "2006.05.21"]
[EventType "team-swiss"]
[EventRounds "13"]
[EventCountry "ITA"]
[SourceTitle "CBM 112 Extra"]
[Source "ChessBase"]
[SourceDate "2006.07.14"]
[SourceVersion "1"]
[SourceVersionDate "2006.07.14"]
[SourceQuality "1"]
[WhiteTeam "Armenia (W)"]
[BlackTeam "Denmark (W)"]
[WhiteTeamCountry "ARM"]
[BlackTeamCountry "DEN"]

1. e4 c5 2. Nf3 d6 3. d4 cxd4 4. Nxd4 Nf6 5. Nc3 a6 6. Rg1 e6 7. g4 b5 8. g5 Nfd7 9. a3 Bb7 10. Be3 Nc6 11. f4 Rc8 12. Qd2 Nb6 13. 0-0-0 Nc4 14. Bxc4 bxc4 15. f5 e5 16. Nxc6 Bxc6 17. Nd5 Bxd5 18. Qxd5 Qc7 19. g6 hxg6 20. fxg6 f6 21. Qe6+ Be7 22. Bb6 Qb8 23. Rxd6 Qxd6 24. Qxc8+ Bd8 25. Rd1 1-0

[Event "DEN-chT 0506"]
[Site "Denmark"]
[Date "2006.02.05"]
[Round "6.8"]
[White "Bekker Jensen, Anne"]
[Black "Noer, Martin Stampe"]
[Result "1/2-1/2"]
[WhiteElo "1995"]
[BlackElo "1746"]
[PlyCount "32"]
[EventDate "2005.11.05"]
[EventType "team-tourn"]
[EventRounds "9"]
[EventCountry "DEN"]
[SourceTitle "EXT 2023"]
[Source "ChessBase"]
[SourceDate "2022.10.05"]
[SourceVersion "1"]
[SourceVersionDate "2022.10.05"]
[SourceQuality "1"]
[WhiteTeam "Helsinge"]
[BlackTeam "Nordkalotten"]
[WhiteTeamCountry "DEN"]
[BlackTeamCountry "DEN"]

1. d4 d5 2. c4 c6 3. Nc3 Nf6 4. e3 e6 5. Nf3 Nbd7 6. Qc2 Bd6 7. b3 0-0 8. Be2 Re8 9. Bb2 b6 10. cxd5 exd5 11. 0-0 Bb7 12. Bd3 Rc8 13. Rac1 Qe7 14. Qe2 c5 15. Nb5 Bb8 16. a4 Ne4 1/2-1/2

[Event "DEN-chT 0405"]
[Site "Denmark"]
[Date "2005.03.06"]
[Round "6.8"]
[White "Petersen, Terji"]
[Black "Bekker Jensen, Anne"]
[Result "0-1"]
[WhiteElo "2022"]
[BlackElo "1980"]
[PlyCount "86"]
[EventDate "2004.11.06"]
[EventType "team-tourn"]
[EventRounds "7"]
[EventCountry "DEN"]
[SourceTitle "EXT 2023"]
[Source "ChessBase"]
[SourceDate "2022.10.05"]
[SourceVersion "1"]
[SourceVersionDate "2022.10.05"]
[SourceQuality "1"]
[WhiteTeam "Foroyar"]
[BlackTeam "Helsinge"]
[WhiteTeamCountry "DEN"]
[BlackTeamCountry "DEN"]

1. d4 Nf6 2. c4 g6 3. Nc3 Bg7 4. e4 d6 5. f3 0-0 6. Be3 e5 7. d5 Nh5 8. g4 Nf4 9. Nge2 f5 10. exf5 gxf5 11. h3 Bf6 12. Qd2 Bh4+ 13. Kd1 Nxe2 14. Bxe2 f4 15. Bg1 a5 16. Ne4 Nd7 17. Bd3 Nf6 18. Kc2 Bd7 19. Nxf6+ Qxf6 20. Rc1 a4 21. Kb1 b6 22. Rc3 Be8 23. Rh2 Bg3 24. Rh1 Bh4 25. Ra3 Bg6 26. Bf2 Bxd3+ 27. Rxd3 Kh8 28. Bxh4 Qxh4 29. Qe1 Qxe1+ 30. Rxe1 h6 31. Kc2 Ra5 32. Rc3 Rb8 33. Kd3 b5 34. c5 b4 35. Rc4 Rbb5 36. Rec1 Kg7 37. Ke4 Kf6 38. cxd6 cxd6 39. h4 b3 40. Ra1 a3 41. g5+ hxg5 42. hxg5+ Kg6 43. Rc8 axb2 0-1

[Event "Olympiad Women-35"]
[Site "Bled"]
[Date "2002.10.29"]
[Round "4.3"]
[White "Srebrnic, Ana"]
[Black "Bekker Jensen, Anne"]
[Result "1-0"]
[WhiteElo "2241"]
[BlackElo "2034"]
[PlyCount "87"]
[EventDate "2002.10.26"]
[EventType "team-swiss"]
[EventRounds "14"]
[EventCountry "SLO"]
[SourceTitle "EXT 2003"]
[Source "ChessBase"]
[SourceDate "2002.11.25"]
[SourceVersion "1"]
[SourceVersionDate "2002.11.25"]
[SourceQuality "1"]
[WhiteTeam "Slovenia (W)"]
[BlackTeam "Denmark (W)"]
[WhiteTeamCountry "SLO"]
[BlackTeamCountry "DEN"]

1. Nf3 Nf6 2. c4 g6 3. Nc3 Bg7 4. e4 d6 5. d4 0-0 6. Be2 e5 7. 0-0 Nc6 8. d5 Ne7 9. Ne1 Ne8 10. Be3 f5 11. f3 f4 12. Bf2 g5 13. Nd3 Rf7 14. c5 Bf8 15. cxd6 cxd6 16. a4 h5 17. a5 Rg7 18. Nb5 Bd7 19. Qb3 Ng6 20. Nxa7 g4 21. Rfc1 Nh4 22. Ne1 Qg5 23. Rc2 gxf3 24. Bxf3 Bg4 25. Bb6 Qg6 26. Kh1 Nxf3 27. gxf3 Bh3 28. Qd3 Be7 29. Qe2 Bh4 30. Nd3 Bd8 31. Rg1 Qf7 32. Rxg7+ Qxg7 33. Bxd8 Rxd8 34. Nb5 Rc8 35. Rxc8 Bxc8 36. Qc2 Qd7 37. Nc3 Qh3 38. Qg2+ Qxg2+ 39. Kxg2 Bd7 40. b4 Nc7 41. Nb2 h4 42. Nc4 h3+ 43. Kf2 Na6 44. Na2 1-0

[Event "BL2 West 0001 (Women)"]
[Site "Germany"]
[Date "2001.??.??"]
[Round "?"]
[White "Bekker Jensen, Anne"]
[Black "De Blecourt, Sandra"]
[Result "1/2-1/2"]
[WhiteElo "2034"]
[BlackElo "2059"]
[PlyCount "65"]
[EventDate "2000.??.??"]
[EventType "team-tourn"]
[EventRounds "7"]
[EventCountry "GER"]
[SourceTitle "EXT 2002"]
[Source "ChessBase"]
[SourceDate "2001.11.25"]
[SourceVersion "1"]
[SourceVersionDate "2001.11.25"]
[SourceQuality "1"]

1. d4 d5 2. c4 c6 3. Nc3 Nf6 4. Nf3 dxc4 5. a4 Bf5 6. e3 e6 7. Bxc4 Bb4 8. 0-0 Bg6 9. Qe2 0-0 10. Ne5 Nbd7 11. Nxg6 hxg6 12. Qc2 Nb6 13. Bb3 Rc8 14. Ne4 Nbd5 15. Bd2 Bxd2 16. Nxd2 c5 17. dxc5 Nb4 18. Qc3 Nd3 19. Rfd1 Nxc5 20. Nc4 Qc7 21. Nd6 Nfe4 22. Nxe4 Nxe4 23. Qxc7 Rxc7 24. Rac1 Rfc8 25. Rxc7 Rxc7 26. f3 Nc5 27. Bc2 Kf8 28. Rd4 Ke7 29. Kf2 Nd7 30. Be4 Nc5 31. Bc2 Nd7 32. Bb3 Nc5 33. Bc2 1/2-1/2

[Event "Smith & Williamson YM-B 10th"]
[Site "Witley"]
[Date "2000.07.17"]
[Round "2"]
[White "Charman, Chris"]
[Black "Bekker Jensen, Anne"]
[Result "1-0"]
[WhiteElo "2108"]
[BlackElo "2040"]
[PlyCount "29"]
[EventDate "2000.07.17"]
[EventType "swiss"]
[EventRounds "11"]
[EventCountry "ENG"]
[SourceTitle "EXT 2001"]
[Source "ChessBase"]
[SourceDate "2000.11.22"]
[SourceVersion "1"]
[SourceVersionDate "2000.11.22"]
[SourceQuality "1"]

1. e4 c5 2. Nf3 d6 3. Bb5+ Bd7 4. Bxd7+ Qxd7 5. 0-0 Nf6 6. e5 dxe5 7. Nxe5 Qc7 8. d4 e6 9. Bf4 Bd6 10. Na3 Nd5 11. Nb5 Qd8 12. Nxf7 Kxf7 13. Nxd6+ Ke7 14. Nxb7 Qb6 15. Bg5+ 1-0

[Event "Rilton Cup 29th"]
[Site "Stockholm"]
[Date "1999.12.29"]
[Round "3"]
[White "Yakovich, Yuri"]
[Black "Bekker Jensen, Anne"]
[Result "1-0"]
[WhiteElo "2592"]
[BlackElo "2074"]
[PlyCount "133"]
[EventDate "1999.12.27"]
[EventType "swiss"]
[EventRounds "9"]
[EventCountry "SWE"]
[SourceTitle "CBM 074 Extra"]
[Source "ChessBase"]
[SourceDate "2000.03.10"]
[SourceVersion "2"]
[SourceVersionDate "2000.03.10"]
[SourceQuality "1"]

1. d4 Nf6 2. c4 g6 3. Nc3 Bg7 4. e4 d6 5. Be2 0-0 6. Bg5 Na6 7. h4 e5 8. d5 h6 9. Be3 c6 10. h5 g5 11. f3 Nh7 12. g4 c5 13. a3 Qa5 14. Nh3 Bd7 15. Nf2 Nc7 16. Nd3 Qa6 17. b4 b6 18. Kf2 Rfb8 19. Qd2 Qc8 20. Bd1 Bf8 21. Ba4 Qe8 22. Bxd7 Qxd7 23. Ne2 Na6 24. a4 Be7 25. Ng3 Rc8 26. Nf5 Bf8 27. a5 Nc7 28. Rhb1 Rcb8 29. Rb2 Qc8 30. Qc2 Qe8 31. Rba2 Kh8 32. Bd2 Nf6 33. Nb2 Kg8 34. Qc1 Nh7 35. Ra3 Qc8 36. R1a2 Kh8 37. Qd1 Qe8 38. Qa1 Kg8 39. Nd1 Nf6 40. Rb2 Qc8 41. Rab3 Nfe8 42. Qa4 Na6 43. Nde3 Kh8 44. Rb1 Kg8 45. Ke2 Kh8 46. R3b2 Kg8 47. Qc6 Nac7 48. bxc5 bxc5 49. Rb7 a6 50. Nd1 Rxb7 51. Rxb7 Rb8 52. Rb6 Kh8 53. Nc3 Qd8 54. Na4 Rc8 55. Rb7 Rb8 56. Rb6 Rc8 57. Qb7 Kg8 58. Bc3 f6 59. Kd3 Kh8 60. Kc2 Kg8 61. Rb1 Kh8 62. Qc6 Kg8 63. Rb7 Rb8 64. Rxb8 Qxb8 65. Qd7 Kh8 66. Nb6 Kg8 67. Nc8 1-0

[Event "Wichern op 5th"]
[Site "Hamburg"]
[Date "1999.10.15"]
[Round "1.12"]
[White "Bekker Jensen, Anne"]
[Black "Rustemov, Alexander"]
[Result "0-1"]
[WhiteElo "2074"]
[BlackElo "2573"]
[PlyCount "70"]
[EventDate "1999.10.15"]
[EventType "swiss"]
[EventRounds "9"]
[EventCountry "GER"]
[SourceTitle "EXT 2001"]
[Source "ChessBase"]
[SourceDate "2000.11.22"]
[SourceVersion "1"]
[SourceVersionDate "2000.11.22"]
[SourceQuality "1"]

1. d4 g6 2. c4 Bg7 3. Nc3 c5 4. d5 Bxc3+ 5. bxc3 f5 6. g3 Nf6 7. Bg2 Qa5 8. Qb3 d6 9. Nf3 Nbd7 10. Bf4 Ne4 11. Rc1 Nb6 12. Nd2 Nxd2 13. Bxd2 Qa4 14. Qb5+ Bd7 15. Qxa4 Bxa4 16. Rb1 0-0-0 17. Bg5 Rde8 18. e4 h6 19. Rxb6 axb6 20. Be3 e5 21. Kd2 Bd7 22. f3 Kc7 23. Rc1 Ra8 24. Rc2 Ra4 25. Kd3 Rha8 26. Bxh6 Rxa2 27. Bc1 b5 28. cxb5 Bxb5+ 29. Kd2 Bc4 30. h4 fxe4 31. fxe4 Rxc2+ 32. Kxc2 Rf8 33. Be3 Bf1 34. Bxf1 Rxf1 35. g4 Rh1 0-1

[Event "Skandinavien Cup (Women)"]
[Site "Hamburg"]
[Date "1999.09.19"]
[Round "3"]
[White "Bekker Jensen, Anne"]
[Black "Horn, Emilia"]
[Result "1/2-1/2"]
[WhiteElo "2074"]
[BlackElo "2003"]
[PlyCount "89"]
[EventDate "1999.09.??"]
[EventType "swiss"]
[EventRounds "3"]
[EventCountry "GER"]
[SourceTitle "EXT 2002"]
[Source "ChessBase"]
[SourceDate "2001.11.25"]
[SourceVersion "1"]
[SourceVersionDate "2001.11.25"]
[SourceQuality "1"]

1. Nf3 Nf6 2. g3 g6 3. Bg2 Bg7 4. d4 d5 5. 0-0 0-0 6. c4 c6 7. cxd5 cxd5 8. Nc3 Nc6 9. Ne5 e6 10. Nxc6 bxc6 11. Na4 Nd7 12. f4 Qe7 13. Be3 Nb6 14. Nc5 Nc4 15. Qc1 Nxb2 16. Qxb2 Qxc5 17. Rfc1 Qd6 18. Rab1 Bd7 19. Bf2 Rfb8 20. Qc2 Bf8 21. Be1 Qc7 22. e4 Rxb1 23. Rxb1 Rb8 24. Rxb8 Qxb8 25. Qb3 Qxb3 26. axb3 Bd6 27. e5 Be7 28. b4 Kf8 29. Kf2 Ke8 30. Ke3 Kd8 31. Bf1 Kc7 32. Kd3 Kb6 33. Kc2 Bc8 34. Kb3 Ba6 35. Bxa6 Kxa6 36. Ka4 Kb6 37. Bd2 Bd8 38. Be1 Ka6 39. Bd2 Be7 40. Be1 Kb6 41. Bd2 f6 42. Be3 Bd8 43. Bd2 fxe5 44. fxe5 h5 45. h4 1/2-1/2

[Event "Politiken Cup 21st"]
[Site "Copenhagen"]
[Date "1999.07.07"]
[Round "5"]
[White "Bekker Jensen, Anne"]
[Black "Larsen, Henning"]
[Result "1-0"]
[WhiteElo "2074"]
[BlackElo "2119"]
[PlyCount "115"]
[EventDate "1999.07.04"]
[EventType "swiss"]
[EventRounds "11"]
[EventCountry "DEN"]
[SourceTitle "CBM 071 Extra"]
[Source "ChessBase"]
[SourceDate "1999.09.14"]
[SourceVersion "1"]
[SourceVersionDate "1999.09.14"]
[SourceQuality "1"]

1. d4 g6 2. c4 Bg7 3. Nc3 d6 4. e4 Nd7 5. f4 c5 6. Nf3 cxd4 7. Nxd4 Qb6 8. Ndb5 Ndf6 9. Qf3 Qc6 10. h3 a6 11. Nd4 Qb6 12. Nb3 Bd7 13. Be3 Qc7 14. Bd3 Rb8 15. Rc1 Bc6 16. 0-0 h5 17. Nd5 Bxd5 18. cxd5 Qd8 19. Rc2 Nh6 20. Rfc1 0-0 21. Qf2 Nd7 22. Rc7 b6 23. R7c6 Nc5 24. Bb1 Kh8 25. Nd4 a5 26. b3 Rb7 27. a3 Qd7 28. b4 axb4 29. axb4 Na6 30. Qd2 Ng8 31. Bd3 Ra8 32. Bb5 Qd8 33. R6c2 Nf6 34. Bxa6 Rxa6 35. Rc8 Qxc8 36. Rxc8+ Kh7 37. Qd3 Rba7 38. Nb5 Ra1+ 39. Kh2 R7a4 40. Bd4 Re1 41. Bc3 Rc1 42. Qd2 Raa1 43. Bxa1 Rxc8 44. Qd3 h4 45. Bd4 Rc1 46. Qe3 Rc4 47. Qe1 Kg8 48. Qxh4 Rxb4 49. e5 Nxd5 50. exd6 exd6 51. Bxg7 Kxg7 52. Nxd6 Rxf4 53. Qg5 f5 54. g3 Rf2+ 55. Kg1 Re2 56. Nxf5+ Kf7 57. Nd6+ Ke6 58. Qg4+ 1-0

[Event "Wch U18 Girls"]
[Site "Oropesa del Mar"]
[Date "1998.11.03"]
[Round "8"]
[White "Santos Izquierdo, Francisco Javier"]
[Black "Bekker Jensen, Anne"]
[Result "1/2-1/2"]
[WhiteElo "2280"]
[BlackElo "2070"]
[PlyCount "122"]
[EventDate "1998.10.25"]
[EventType "swiss"]
[EventRounds "11"]
[EventCountry "ESP"]
[SourceTitle "CBM 067 Extra"]
[Source "ChessBase"]
[SourceDate "1999.01.01"]
[SourceVersion "1"]
[SourceVersionDate "1999.01.01"]
[SourceQuality "1"]

1. e4 c5 2. Nf3 d6 3. c3 Nf6 4. Be2 Nbd7 5. d3 b6 6. 0-0 Bb7 7. Re1 g6 8. Bf1 Bg7 9. h3 0-0 10. Bf4 Nh5 11. Bh2 Ne5 12. Nxe5 dxe5 13. Nd2 Ba6 14. Nf3 Qd6 15. d4 Bxf1 16. Kxf1 cxd4 17. cxd4 Qb4 18. Bxe5 Qxb2 19. Bxg7 Kxg7 20. Qb3 Qxb3 21. axb3 Nf6 22. Nd2 Rfd8 23. Nf3 Rdc8 24. d5 Rc3 25. Nd4 Kf8 26. f3 Rd3 27. Red1 Rxd1+ 28. Rxd1 Rc8 29. Ke2 Nd7 30. Ke3 Rc3+ 31. Rd3 Rxd3+ 32. Kxd3 Ke8 33. Nc6 a6 34. Kd4 f6 35. b4 h6 36. f4 g5 37. g3 h5 38. fxg5 fxg5 39. e5 g4 40. hxg4 hxg4 41. Ke4 Kf8 42. Kf4 Ke8 43. Kxg4 a5 44. bxa5 bxa5 45. Nxa5 Nxe5+ 46. Kf5 Nf7 47. Nc6 Nd6+ 48. Ke6 Ne4 49. g4 Nc5+ 50. Kf5 Kf7 51. Nd8+ Kg8 52. g5 Kh7 53. g6+ Kg8 54. Ne6 Nb7 55. Nf4 Nc5 56. Ke5 Kh8 57. Ng2 Kg8 58. Nf4 Kh8 59. Ne2 Kg7 60. Kd4 Nd7 61. Nf4 Kf6 1/2-1/2